000 00407nam a22001217a 4500
999 _c1441
_d1441
005 20200831144719.0
008 200831b ||||| |||| 00| 0 eng d
020 _a0521272653
040 _cCML
245 _aIndividualized Mathematics: Further Algebra and Computation.
_cThe School Mathematics Project.
260 _aCambridge
_bCambridge University Press
_c1983
942 _2ddc
_cBK
_h510
_mSCH